Michael Jackson - Bad (Tracks) - Statistics

General Stats
  • This quiz has been taken 47 times
  • The average score is 8 of 11
Answer Stats
Track Number Track Name % Correct
1 Bad
94%
10 Smooth Criminal
89%
4 Liberian Girl
86%
2 The Way You Make Me Feel
86%
3 Speed Demon
83%
11 Leave Me Alone
78%
7 Man in the Mirror
78%
9 Dirty Diana
72%
6 Another Part of Me
64%
5 Just Good Friends
61%
8 I Just Can't Stop Loving You
56%
No matching quizzes found
Score Distribution
Percent of People with Each Score
Percentile by Number Answered
Your Score History
You have not taken this quiz